350 Modelos de contratos y documentos mercantiles Civiles - Comerciales - Laborales - Rurales /
Novísimos convenios prácticos y completos, basados en la autonomía privada, ideados para asistir en sus quehaceres jurídicos, a los profesionales del derecho.
Guardado en:
| Autor Principal: | |
|---|---|
| Otros Autores: | , |
| Formato: | Desconocido |
| Idioma: | Spanish |
| Publicado: |
Buenos Aires :
García Alonso,
2003
|
| Series: | Abacacía
|
| Materias: | |
| Etiquetas: |
Agregar Etiqueta
Sin Etiquetas, Sea el primero en etiquetar este registro!
|
| LEADER | 00866nac a22001935a 4500 | ||
|---|---|---|---|
| 001 | DER.der004925 | ||
| 008 | 180615s2003####ag#||||||||||||||#||spa|| | ||
| 005 | 20210818113927.0 | ||
| 245 | 1 | 0 | |a 350 Modelos de contratos y documentos mercantiles |h [recurso electrónico] : |b Civiles - Comerciales - Laborales - Rurales / |c Enrique L. Abatti , y Ival Rocca, y José María Gastaldi |
| 260 | |a Buenos Aires : |b García Alonso, |c 2003 | ||
| 440 | 0 | |a Abacacía | |
| 520 | |a Novísimos convenios prácticos y completos, basados en la autonomía privada, ideados para asistir en sus quehaceres jurídicos, a los profesionales del derecho. | ||
| 100 | 1 | |a Abatti, Enrique L. | |
| 700 | 1 | |a Rocca, Ival | |
| 700 | 1 | |a Gastaldi, José María |e prologuista | |
| 653 | |a CONTRATOS | ||
| 653 | |a DOCUMENTOS PRIVADOS | ||
| 653 | |a Prácticas | ||
| 859 | |a DERECHO |b BIB. DERECHO |h 346.02 |i ABA |k 1.35 |p 005465 |3 CD | ||
